000 00762cam a2200217 a 4500
001 000005710
003 DO-SdBNP
005 20250318143713.0
008 761005s1975 ec f001 0 spa
040 _aDO-SdBNP
_bspa
_cBNPHU
082 _a918
_bC424a
100 1 _aCevallos García, Gabriel.
_916140
245 1 0 _aAmérica :
_bteoría de su descubrimiento /
_cGabriel Cevallos García.
260 _aCuenca, Ecuador :
_bCasa de la Cultura Ecuatoriana,
_c1975.
300 _a228 p. ;
_c21 cm.
490 1 _aLibros para el pueblo
_v1
651 0 _aAmérica --
_xDescubrimiento y exploración --
_xEspañoles
_9544
_vEnsayo, conferencias, etc.
651 4 _aAmérica
_xDescripciones Y Viajes
_9867
830 0 _aLibros para el pueblo
_n1
_916141
942 _2ddc
_cLBS1
999 _c5506
_d5506